Statistics for 21 Jump Street the Movie

Click here to take the quiz!

General Stats

  • This quiz has been taken 165 times
  • The average score is 8 of 15

Answer Stats

HintAnswer% Correct
Main actor 2Channing Tatum
93%
Main actor 1Jonah Hill
88%
What colour suits do they wear to prom?White
81%
Actor of the captainIce Cube
80%
Year released2012
76%
Who does Doug play in the play?Peter pan
76%
"Stop messing with _______ jesus"Korean
74%
What do the boys arrive in at prom?Limo
72%
Undercover name 2Doug McQuaid
34%
Undercover name 1Brad McQuaid
33%
Captains nameDickson
28%
What is the drug called?HFS
28%
Where was Eric meant to go to college?Burkley
18%
Detective name 2Greg Jenko
17%
Detective name 1Morton Schmidt
11%

Score Distribution

Percentile by Number Answered

Percent of People with Each Score

Your Score History

You have not taken this quiz